[Event "CRO-chT U18"]
[Site "Cakovec"]
[Date "2019.12.28"]
[Round "3.3"]
[White "Novosel, Lovro"]
[Black "Mijic, Karlo"]
[Result "0-1"]
[WhiteElo "1634"]
[BlackElo "1629"]
[PlyCount "71"]
[EventDate "2019.12.27"]
[EventType "team-tourn"]
[EventRounds "7"]
[EventCountry "CRO"]
[SourceTitle "CBM 194 Extra"]
[Source "ChessBase"]
[SourceDate "2020.03.31"]
[SourceVersion "1"]
[SourceVersionDate "2020.03.31"]
[SourceQuality "1"]

1. Nf3 d5 2. c4 e6 3. g3 dxc4 4. Bg2 a6 5. a4 Nc6 6. 0-0 Nf6 7. Qc2 Na5 8. Na3 Bxa3 9. Rxa3 0-0 10. Qc3 c6 11. Ne5 Nd5 12. Qc2 Nb4 13. Qe4 Qd5 14. Qf4 Qd6 15. Qe4 b5 16. axb5 axb5 17. d4 f5 18. Qb1 Bb7 19. Bf4 Qd8 20. Bd2 Nd5 21. Bxd5 cxd5 22. f4 Re8 23. e3 Nc6 24. Qd1 Nxe5 25. fxe5 Qe7 26. Ra5 Bc6 27. Qe1 Qb7 28. Bb4 Rxa5 29. Bxa5 Ra8 30. g4 fxg4 31. Bb4 g6 32. Qh4 Re8 33. Qxg4 Qg7 34. Rf6 Bd7 35. Qf4 Bc8 36. Rf7 0-1

[Event "CRO-ch U15"]
[Site "Trogir"]
[Date "2019.06.17"]
[Round "2"]
[White "Damjanovic, Stjepan"]
[Black "Mijic, Karlo"]
[Result "1-0"]
[WhiteElo "1820"]
[BlackElo "1486"]
[PlyCount "79"]
[EventDate "2019.06.17"]
[EventType "swiss"]
[EventRounds "9"]
[EventCountry "CRO"]
[SourceTitle "EXT 2020"]
[Source "ChessBase"]
[SourceDate "2019.10.17"]
[SourceVersion "1"]
[SourceVersionDate "2019.10.17"]
[SourceQuality "1"]

1. e4 e5 2. Nf3 Nc6 3. Bc4 Bc5 4. 0-0 Nf6 5. d4 Bxd4 6. Nxd4 Nxd4 7. f4 Nc6 8. Bxf7+ Kxf7 9. fxe5 Nxe5 10. Qd5+ Kf8 11. Qxe5 d6 12. Qd4 Qe7 13. Bg5 Kf7 14. Nc3 c6 15. Bxf6 gxf6 16. Rxf6+ Qxf6 17. Rf1 Qxf1+ 18. Kxf1 Rd8 19. e5 Bf5 20. exd6 Ke6 21. Ne2 Rf8 22. Kg1 Kd7 23. h3 Bxc2 24. Qg7+ Kxd6 25. Qd4+ Kc7 26. Qe5+ Kb6 27. b4 a5 28. Qc5+ Kc7 29. Qxc2 axb4 30. Qxh7+ Kb6 31. Qc2 c5 32. h4 Rh8 33. g3 Rag8 34. Kh2 Rh6 35. a3 Rgh8 36. axb4 cxb4 37. Qc4 Ka5 38. Nd4 Rh5 39. Kh3 Ka4 40. Qa2# 1-0

[Event "CRO-ch U11"]
[Site "Trogir"]
[Date "2016.06.23"]
[Round "5"]
[White "Vucenovic, Damian"]
[Black "Mijic, Karlo"]
[Result "1-0"]
[WhiteElo "1562"]
[BlackElo "1445"]
[PlyCount "29"]
[EventDate "2016.06.21"]
[EventType "swiss"]
[EventRounds "9"]
[EventCountry "CRO"]
[SourceTitle "EXT 2017"]
[Source "ChessBase"]
[SourceDate "2016.10.25"]
[SourceVersion "1"]
[SourceVersionDate "2016.10.25"]
[SourceQuality "1"]

1. e4 e5 2. Nf3 Nc6 3. Bc4 Bc5 4. d3 h6 5. c3 Nf6 6. Nbd2 0-0 7. Nf1 d6 8. Ng3 Bg4 9. h3 Bxf3 10. Qxf3 Na5 11. Bb3 Nxb3 12. axb3 Bb6 13. Nf5 c6 14. Qg3 Kh7 15. Qxg7# 1-0